Statistics for Famous Cities with less than 100,000 Citizens #2

Click here to take the quiz!

General Stats

  • This quiz has been taken 27 times
  • The average score is 8 of 15

Answer Stats

HintAnswer% Correct
Town considered the birthplace of JesusBethlehem
92%
Croatian city famous for its still-standing 16th century wallsDubrovnik
88%
City known as the cultural capital of the Scottish HighlandsInverness
77%
Spanish city that shares its name with a northern Ohio cityToledo
77%
Greek town named after a famous Oracle of ApolloDelphi
54%
Florida city which claims to be the oldest in the USASt. Augustine
50%
Northernmost city in the entirety of the United StatesUtqiagvik
50%
Capital of the Canadian territory of NunavutIqaluit
46%
The smallest capital city of any US stateMontpelier
46%
Capital of the island of BermudaHamilton
42%
Smallest capital city of any country in the worldNgerulmud
42%
Town famous for its beaches at the easternmost point of HispaniolaPunta Cana
35%
Italian municipality located on an island off the coast of NaplesCapri
31%
French commune that played host to the 1924 Winter OlympicsChamonix
31%
Nebraska incorportated village home to a single personMonowi
4%

Score Distribution

Percentile by Number Answered

Percent of People with Each Score

Your Score History

You have not taken this quiz